000 00334nam a2200133Ia 4500
008 191201s2011 xx 000 0 und d
100 _aDAYARATNAM, P
245 0 _aDesign of Reinforced Concrete Structure
250 _aRep
260 _aN. Delhi
_bOxford and IBH pub
_c2011
300 _a805
650 _aB.Tech(CE)
942 _2ddc
_cBK
999 _c5535
_d5535